00000000cam 2200000zi 4500
0019.956362
003CaOODSP
00520251212093408
006m     o  d f      
007cr cn|||||||||
008251015t20252025onc     obs  f000 0 fre d
020 |a9780660793528
040 |aCaOODSP|bfre|erda|cCaOODSP
043 |an-cn---
0861 |aCS75-0002/2025-8F-PDF
1001 |aDanieles, Prince Kevin, |eauteur.
24500|aEstimations provisoires de la pauvreté pour 2024 / |cpar Prince Kevin Danieles et Amanda Halladay.
264 1|a[Ottawa] : |bStatistique Canada = Statistics Canada, |c2025.
264 4|c©2025
300 |a1 ressource en ligne (13 pages).
336 |atexte|btxt|2rdacontent/fre
337 |ainformatique|bc|2rdamedia/fre
338 |aressource en ligne|bcr|2rdacarrier/fre
4901 |aSérie de documents de recherche - revenu ; |y1707-2867
500 |aTitre de la couverture.
500 |a« Date de diffusion : le 12 décembre 2025. »
500 |aPublié aussi en anglais sous le titre : Provisional market basket of measure poverty estimates for reference year 2024.
504 |aComprend des références bibliographiques (page 7).
650 6|aPauvreté|zCanada|vStatistiques.
655 7|aStatistiques|2rvmgf
7102 |aStatistique Canada, |eorganisme de publication.
77508|tProvisional poverty estimates for 2024 / |w(CaOODSP)9.956361
830#0|aSérie de documents de recherche - revenu (Statistique Canada)|w(CaOODSP)9.501116
85640|qPDF|s311 Ko|uhttps://publications.gc.ca/collections/collection_2025/statcan/75f0002m/75f0002m2025008-fra.pdf
8564 |qHTML|sS.O.|uhttps://www150.statcan.gc.ca/n1/pub/75f0002m/75f0002m2025008-fra.htm